Statistics for Countries Without An 'O' In Its Name

Click here to take the quiz!

General Stats

  • This quiz has been taken 102 times
  • The average score is 106 of 128

Answer Stats

ContinentCountry% Correct
South AmericaBrazil
95%
North AmericaCanada
93%
AsiaChina
93%
South AmericaPeru
93%
North AmericaUnited States
93%
AsiaAfghanistan
90%
South AmericaArgentina
90%
EuropeAustria
90%
OceaniaFiji
90%
EuropeGermany
90%
AsiaIndia
90%
AsiaJapan
90%
South AmericaParaguay
90%
EuropeRussia
90%
EuropeSweden
90%
OceaniaAustralia
89%
AsiaBangladesh
89%
AfricaChad
89%
North AmericaCuba
89%
EuropeFrance
89%
EuropeGreece
89%
South AmericaGuyana
89%
North AmericaHaiti
89%
AsiaIran
89%
AsiaIraq
89%
AsiaIsrael
89%
EuropeItaly
89%
AsiaPakistan
89%
AsiaThailand
89%
South AmericaUruguay
89%
North AmericaBahamas
87%
EuropeBelgium
87%
North AmericaBelize
87%
EuropeDenmark
87%
EuropeSpain
87%
EuropeSwitzerland
87%
South AmericaVenezuela
87%
AsiaArmenia
85%
South AmericaChile
85%
EuropeFinland
85%
EuropeIreland
85%
EuropeLiechtenstein
85%
AsiaNepal
85%
AfricaRwanda
85%
AsiaTurkey
85%
AsiaYemen
85%
AfricaAlgeria
84%
AsiaBhutan
84%
AfricaGhana
84%
North AmericaGuatemala
84%
EuropeIceland
84%
EuropeLatvia
84%
AfricaMali
84%
EuropeNetherlands
84%
EuropeUkraine
84%
AsiaUnited Arab Emirates
84%
AsiaAzerbaijan
82%
EuropeBelarus
82%
AfricaBenin
82%
EuropeBulgaria
82%
AsiaCyprus
82%
EuropeHungary
82%
AsiaKazakhstan
82%
AfricaKenya
82%
North AmericaNicaragua
82%
AfricaNiger
82%
AsiaSaudi Arabia
82%
EuropeSerbia
82%
AsiaSyria
82%
AsiaTaiwan
82%
AsiaTurkmenistan
82%
AfricaZimbabwe
82%
EuropeAlbania
80%
North AmericaAntigua and Barbuda
80%
AsiaBahrain
80%
AfricaEgypt
80%
North AmericaGrenada
80%
North AmericaJamaica
80%
OceaniaKiribati
80%
AsiaKuwait
80%
AfricaLibya
80%
AsiaMalaysia
80%
AfricaMauritania
80%
AfricaNigeria
80%
OceaniaPalau
80%
AfricaSenegal
80%
AfricaSudan
80%
South AmericaSuriname
80%
OceaniaVanuatu
80%
AfricaZambia
80%
AfricaBurundi
79%
EuropeCzech Republic
79%
AsiaKyrgyzstan
79%
EuropeLithuania
79%
AfricaMadagascar
79%
EuropeMalta
79%
OceaniaNew Zealand
79%
North AmericaPanama
79%
North AmericaSaint Kitts and Nevis
79%
North AmericaSaint Lucia
79%
AfricaUganda
79%
AsiaUzbekistan
79%
AfricaGambia
77%
AfricaGuinea
77%
AfricaLiberia
77%
AfricaMalawi
77%
AfricaMauritius
77%
AsiaPhilippines
77%
AsiaQatar
77%
North AmericaSaint Vincent and the Grenadines
77%
AfricaSeychelles
77%
AsiaTajikistan
77%
AfricaTunisia
77%
OceaniaTuvalu
77%
AsiaBrunei
75%
OceaniaMarshall Islands
75%
AfricaNamibia
75%
OceaniaNauru
75%
OceaniaPapua New Guinea
75%
AsiaSri Lanka
75%
AfricaTanzania
75%
AfricaGuinea Bissau
74%
AsiaMaldives
74%
AsiaMyanmar
74%
AfricaEritrea
72%
AfricaEswatini
72%
AfricaCentral African Republic
69%
AsiaVietnam
57%

Score Distribution

Percentile by Number Answered

Percent of People with Each Score

Your Score History

You have not taken this quiz